00508nam a2200169 a 450000100100000000500170001000800410002704000250006808200150009310000260010824500540013426000380018830000350022659000510026104900090031299900170032100002994920200930055931.0110427s20uu dr ac 000 0 spa d aDO-SdBNPbspacBNPHU axxxbM949d1 aMufdy, Rosalba95669210aDelicias arabes :bEn español /cRosalba Mufdy. aSanto Domingo :b[s.n.],c[s.f.]. a20 p. :bil., retrs. ;c28 cm. aLa biblioteca posee 3 ejemplares autografiados aBNPD c29441d29441